| 000 | 00440nam a2200181Ia 4500 | ||
|---|---|---|---|
| 001 | 5167 | ||
| 003 | IN-NITTTR | ||
| 005 | 20251114233006.0 | ||
| 008 | 251113s9999||||xx |||||||||||||| ||eng|| | ||
| 040 | _beng | ||
| 040 | _cIN-NITTTR | ||
| 041 | _aeng | ||
| 082 | _a371.4 C828P | ||
| 100 | _aCottle, William C. | ||
| 245 | 0 |
_aPreparation of counseling. / _cCottle, William C., Downie, N. M. |
|
| 700 | _a Downie, N. M. | ||
| 942 |
_2ddc _cBK |
||
| 999 |
_c7803 _d7803 |
||